000 00804cam a22002291 4500
001 po 32000102
003 DLC
005 20260227111858.0
008 900517s1932 waua b s000 0 eng c
010 _apo 32000102
035 _a(OCoLC)21549194
040 _aLibrary, U.S. Patent Office
_cTxU
_dDLC
042 _apremarc
050 0 0 _aTP764
_b.T9
100 1 _aTymstra, Sybren Ruurd.
245 1 4 _aThe Doherty washer cooler,
_cby Sybren Ruurd Tymstra ...
260 _aSeattle,
_bUniversity of Washington,
_c1932.
300 _a61 p. incl. tables, diagrs.
_c23 cm.
490 0 _aWashington (State) University. Engineering Experiment Station. Engineering Experiment Station series. Bulletin
_vno. 67
504 _aBibliography: p.61.
650 0 _aGas manufacture and works
_xEquipment and supplies.
999 _c51683
_d51683